|
|
|
|
| LEADER |
00000cam a2200000 a 4500 |
| 001 |
vtls001410300 |
| 003 |
SK-MaSNL |
| 005 |
20260302035045.0 |
| 008 |
240801s2000 xo grn 00001dslo |
| 015 |
|
|
|a SNBA2001/06-02181
|
| 020 |
|
|
|a 8071493880
|
| 035 |
|
|
|a SNK000364992
|
| 035 |
|
|
|a urn:nbn:sk:snk-amjcz9
|
| 035 |
|
|
|a urn:nbn:sk:snk-am002ju8
|
| 035 |
|
|
|a A6899DAE-5B23-4770-9652-DEB97DAF78DC
|
| 040 |
|
|
|a SNK
|b slo
|c SNK
|e AACR2
|
| 041 |
0 |
|
|a slo
|
| 044 |
|
|
|a xo
|c SK
|
| 080 |
|
|
|a 82:929:885.4
|2 1981
|
| 080 |
|
|
|a 885.4:929
|2 1981
|
| 080 |
|
|
|a 929 Mitana, Dušan
|2 1981
|
| 100 |
1 |
|
|a Horváth, Tomáš,
|d 1971-
|4 aut
|9 103763
|
| 245 |
1 |
0 |
|a Dušan Mitana
|c Tomáš Horváth
|
| 260 |
|
|
|a Bratislava
|b Kalligram
|c 2000
|
| 300 |
|
|
|a 180 s.
|c 19 cm
|
| 490 |
1 |
|
|a Váhy
|
| 500 |
|
|
|a Fotogr. na predsádkach
|
| 504 |
|
|
|a Bibliogr. s. 177-180. Kalendárium
|
| 600 |
1 |
7 |
|a Mitana, Dušan,
|d 1946-2019
|2 SNKMA
|9 184370
|
| 655 |
|
7 |
|a umelecká literatúra
|2 SNK
|9 60405
|
| 830 |
|
0 |
|a Váhy
|a Váhy
|9 687418
|
| 852 |
|
|
|a Slovenská národná knižnica
|
| 919 |
|
|
|a 80-7149-388-0
|
| 954 |
|
|
|a beletria pôvodná (slovenská)
|2 lita
|
| 958 |
|
|
|a TL
|
| 958 |
|
|
|a NB
|
| 958 |
|
|
|a LX
|
| 999 |
|
|
|c 1069039
|d 1070969
|
| 952 |
|
|
|t P60, <03>, [BOOK], {603}
|a SNK
|b SNK
|y PREZ
|7 0
|p 17A0271850
|o snkSD 71469
|i snkKSP 4727/2001
|0 0
|1 0
|4 0
|d 2001-04-02
|l 0
|r 2005-01-02 00:00:00
|w 2026-02-24
|
| 952 |
|
|
|t P60, <04>, [BOOK], {604}
|a SNK
|b SNK
|y VYP
|7 0
|p 17A0271849
|o snkSD 71469 D1
|i snkKSP 4728/2001
|0 0
|1 0
|4 0
|d 2001-04-02
|l 0
|r 2005-01-02 00:00:00
|w 2026-02-24
|